مكتبة جامعة عجلون الوطنية

فهرس بحث المكتبة

Introduction to Operations Research (Record no. 543)

MARC details
000 -LEADER
fixed length control field 00618nam a2200217Ii 4500
003 - CONTROL NUMBER IDENTIFIER
control field JO-AjNU
008 - FIXED-LENGTH DATA ELEMENTS--GENERAL INFORMATION
fixed length control field 230606s9999||||xx |||||||||||||| ||und||
020 ## - INTERNATIONAL STANDARD BOOK NUMBER
International Standard Book Number 13-007-126767-0
040 ## - CATALOGING SOURCE
Original cataloging agency JO-AjNU
Language of cataloging eng
Description conventions rda
Transcribing agency JO-AjNU
041 ## - LANGUAGE CODE
Language code of text/sound track or separate title eng
050 14 - LIBRARY OF CONGRESS CALL NUMBER
Classification number T57.6.H54.2010
100 3# - MAIN ENTRY--PERSONAL NAME
Personal name Hillier,Frederick/Lieberman,Gerald,
Relator term author
9 (RLIN) 1033
245 00 - TITLE STATEMENT
Title Introduction to Operations Research
250 ## - EDITION STATEMENT
Edition statement 9 ed
264 31 - PRODUCTION, PUBLICATION, DISTRIBUTION, MANUFACTURE, AND COPYRIGHT NOTICE
Place of production, publication, distribution, manufacture London:Mcgraw hill,2010
300 ## - PHYSICAL DESCRIPTION
Extent 1046p
336 ## - CONTENT TYPE
Content type term text
Content type code txt
Source rdacontent
337 ## - MEDIA TYPE
Media type term unmediated
Media type code n
Source rdamedia
338 ## - CARRIER TYPE
Carrier type term volume
Carrier type code nc
Source rdacarrier
650 #4 - SUBJECT ADDED ENTRY--TOPICAL TERM
Topical term or geographic name entry element OPERATION PESEARCH
9 (RLIN) 1034
Holdings
Withdrawn status Lost status Source of classification or shelving scheme Damaged status Not for loan Home library Current library Shelving location Date acquired Total Checkouts Full call number Barcode Date last seen Price effective from Koha item type
    Library of Congress Classification     مكتبة جامعة عجلون الوطنية مكتبة جامعة عجلون الوطنية المجموعات العامة 06/06/2023   T57.6.H54.2010 E543 06/06/2023 06/06/2023 Books